000 00432nam a2200181Ia 4500
001 2041
005 20260306143813.0
008 260306t2024||||xx |||||||||||||| ||spa||
041 _aESP
082 _a611.018
_bO626
100 _aO'Dowd, Geraldine,
_eAUT
245 0 _aWheater :
_bhistologĂ­a funcional
260 _c2024
300 _aix, 468 páginas :
_c30 cm.
650 _aGEN
654 _aCCS
942 _cLIB
_dJUS
_fJUS
_2ddc
_n
999 _c2041
_d2041